000 00602nam a22001817a 4500
003 OSt
005 20240604134032.0
008 240604b ||||| |||| 00| 0 eng d
040 _cAIMIT LIBRARY
100 _aK, Sharanya.
_e202026
_9169207
245 _aRecommendation system /
_cBy Sharanya K ; Guided by Rakesh Kumar B and Akhilesh Panigrahi.
260 _aMangalore
_c2022
650 _aFindings and gaps identified
_9169208
700 _aKumar B, Rakesh.
_eGuide
_9169209
700 _aPanigrahi, Akhilesh.
_eGuide
_9169210
856 _3Niveus Solutions
_ywww.nivessolution.com
942 _2ddc
_cPRO
999 _c231030
_d231030